Baki - Maximum Tournament: First Round - Statistics

General Stats
  • This quiz has been taken 17 times
  • The average score is 13 of 15
Answer Stats
Question Answer % Correct
Block B Fight #2 Hanayama Kaoru
100%
Block A Fight #1 Hanma Baki
100%
Block A Fight #3 Igari Kanji
100%
Block C Fight #1 Iron Michael
100%
Block C Fight #4 Jack Hanma
100%
Block C Fight #3 Misaki Kengo
100%
Block B Fight #3 Orochi Katsumi
100%
Block C Fight #2 Shiba Chiharu
100%
Block D Fight #1 Amanai Yuu
86%
Block D Fight #2 Orochi Doppo
86%
Block B Fight #1 Retsu Kaiou
86%
Block D Fight #4 Shinogi Koushou
86%
Block A Fight #2 Zulu
86%
Block D Fight #3 Shibukawa Gouki
71%
Block A Fight #4 Kinryuuzan
43%
No matching quizzes found
Score Distribution
Percent of People with Each Score
Percentile by Number Answered
Your Score History
You have not taken this quiz